Global warming and climate change demystified / (Record no. 330089)

000 -LEADER
fixed length control field 01440cam a2200313 a 4500
001 - CONTROL NUMBER
control field 15077733
003 - CONTROL NUMBER IDENTIFIER
control field NUST
005 - DATE AND TIME OF LATEST TRANSACTION
control field 20170608101045.0
008 - FIXED-LENGTH DATA ELEMENTS--GENERAL INFORMATION
fixed length control field 071109s2008 nyuab 001 0 eng
010 ## - LIBRARY OF CONGRESS CONTROL NUMBER
LC control number 2007046678
020 ## - INTERNATIONAL STANDARD BOOK NUMBER
International Standard Book Number 9780071502405 (alk. paper)
020 ## - INTERNATIONAL STANDARD BOOK NUMBER
International Standard Book Number 0071502408 (alk. paper)
035 ## - SYSTEM CONTROL NUMBER
System control number (OCoLC)ocn181368848
035 ## - SYSTEM CONTROL NUMBER
System control number (OCoLC)181368848
040 ## - CATALOGING SOURCE
Original cataloging agency DLC
Transcribing agency DLC
Modifying agency YDX
-- BAKER
-- ZS3
-- YDXCP
-- DLC
050 00 - LIBRARY OF CONGRESS CALL NUMBER
Classification number QC981.8.G56
Item number S548 2008
082 00 - DEWEY DECIMAL CLASSIFICATION NUMBER
Classification number 551.6 SIL
Edition number 22
100 1# - MAIN ENTRY--PERSONAL NAME
Personal name Silver, Jerry.
9 (RLIN) 2196
245 10 - TITLE STATEMENT
Title Global warming and climate change demystified /
Statement of responsibility, etc. Jerry Silver.
260 ## - PUBLICATION, DISTRIBUTION, ETC.
Place of publication, distribution, etc. New York :
Name of publisher, distributor, etc. McGraw-Hill,
Date of publication, distribution, etc. c2008.
300 ## - PHYSICAL DESCRIPTION
Extent xii, 289 p. :
Other physical details ill., maps ;
Dimensions 24 cm.
500 ## - GENERAL NOTE
General note Includes index.
501 ## - WITH NOTE
With note H.B
650 #0 - SUBJECT ADDED ENTRY--TOPICAL TERM
Topical term or geographic name entry element Global warming
Form subdivision Popular works.
9 (RLIN) 2197
650 #0 - SUBJECT ADDED ENTRY--TOPICAL TERM
Topical term or geographic name entry element Climatic changes
Form subdivision Popular works.
9 (RLIN) 2198
856 42 - ELECTRONIC LOCATION AND ACCESS
Materials specified Contributor biographical information
Uniform Resource Identifier <a href="http://www.loc.gov/catdir/enhancements/fy0806/2007046678-b.html">http://www.loc.gov/catdir/enhancements/fy0806/2007046678-b.html</a>
856 42 - ELECTRONIC LOCATION AND ACCESS
Materials specified Publisher description
Uniform Resource Identifier <a href="http://www.loc.gov/catdir/enhancements/fy0806/2007046678-d.html">http://www.loc.gov/catdir/enhancements/fy0806/2007046678-d.html</a>
856 41 - ELECTRONIC LOCATION AND ACCESS
Materials specified Table of contents only
Uniform Resource Identifier <a href="http://www.loc.gov/catdir/enhancements/fy0806/2007046678-t.html">http://www.loc.gov/catdir/enhancements/fy0806/2007046678-t.html</a>
906 ## - LOCAL DATA ELEMENT F, LDF (RLIN)
a 7
b cbc
c orignew
d 1
e ecip
f 20
g y-gencatlg
942 ## - ADDED ENTRY ELEMENTS (KOHA)
Source of classification or shelving scheme
Koha item type Book
Call number prefix 551.6 SIL
Holdings
Withdrawn status Lost status Source of classification or shelving scheme Damaged status Not for loan Collection code Permanent Location Current Location Shelving location Date acquired Total Checkouts Full call number Barcode Date last seen Price effective from Koha item type
            Institute of Environmental Science and Engineering (IESE) Institute of Environmental Science and Engineering (IESE) General Stacks 06/08/2017   551.6 SIL IESE-2846 06/08/2017 06/08/2017 Book
© 2023 Central Library, National University of Sciences and Technology. All Rights Reserved.